[Event "Quebec op"]
[Site "Longueuil CAN"]
[Date "2019.07.24"]
[Round "6.23"]
[White "Trottier, Alain"]
[Black "Beaudry, Marc-Andre"]
[Result "1-0"]
[WhiteElo "1829"]
[BlackElo "1848"]
[PlyCount "60"]
[EventDate "2019.07.20"]
[EventType "swiss"]
[EventRounds "9"]
[EventCountry "CAN"]

1. b4 Nf6 2. Bb2 e6 3. b5 b6 4. Nf3 Bb7 5. e3 c5 6. Be2 d5 7. O-O Bd6 8. d3
Nbd7 9. Nbd2 O-O 10. c4 Qe7 11. Qc2 e5 12. cxd5 Nxd5 13. Qc4 Rad8 14. Rfd1 Kh8
15. a4 f5 16. Qh4 Qe6 17. Nc4 Bb8 18. Ng5 Qg8 19. Bh5 N5f6 20. Bg6 h6 21. Bxf5
Rde8 22. e4 Re7 23. Nf3 Rfe8 24. Qh3 Nf8 25. g4 g6 26. Qxh6+ Rh7 27. Qg5 gxf5
28. Qxf6+ Rg7 29. Nfxe5 Re6 30. Nf7+ Kh7 1-0

[Event "Quebec op"]
[Site "Longueuil CAN"]
[Date "2019.07.25"]
[Round "7.2"]
[White "Vera, Reynaldo"]
[Black "Chiku-Ratte, Olivier-Kenta"]
[Result "1-0"]
[WhiteElo "2424"]
[BlackElo "2364"]
[PlyCount "89"]
[EventDate "2019.07.20"]
[EventType "swiss"]
[EventRounds "9"]
[EventCountry "CAN"]

1. d4 f5 2. g3 Nf6 3. Bg2 e6 4. c4 Be7 5. Nf3 d6 6. b3 O-O 7. O-O Ne4 8. Bb2
Bf6 9. e3 Nc6 10. Nfd2 d5 11. Nc3 Nb4 12. Qe2 c5 13. Ndxe4 dxe4 14. Rad1 Nd3
15. Ba1 Qe7 16. f3 exf3 17. Bxf3 Nb4 18. Na4 Na6 19. e4 Bxd4+ 20. Bxd4 cxd4 21.
exf5 e5 22. g4 Re8 23. Rfe1 Kf8 24. Qf2 Qc7 25. Qh4 Kg8 26. Bd5+ Kh8 27. Rd3 h6
28. Rh3 Qe7 29. Qh5 Rf8 30. Qg6 Qf6 31. Qxf6 gxf6 32. Rxh6+ Kg7 33. Rg6+ Kh8
34. Rf1 e4 35. Bxe4 Rg8 36. Rxg8+ Kxg8 37. Rd1 Kf7 38. Rxd4 Ke7 39. h4 Nb4 40.
a3 Nc6 41. Bxc6 bxc6 42. Nc5 Rb8 43. Kf2 a5 44. Ke3 a4 45. b4 1-0

[Event "Quebec op"]
[Site "Longueuil CAN"]
[Date "2019.07.25"]
[Round "7.3"]
[White "Masse, Hugues"]
[Black "Ouellet, Maili-Jade"]
[Result "0-1"]
[WhiteElo "2168"]
[BlackElo "2079"]
[PlyCount "164"]
[EventDate "2019.07.20"]
[EventType "swiss"]
[EventRounds "9"]
[EventCountry "CAN"]

1. e4 c5 2. Nf3 d6 3. d4 cxd4 4. Nxd4 Nf6 5. Nc3 a6 6. Qe2 e5 7. Nf5 Nc6 8. Bg5
Bxf5 9. exf5 Be7 10. O-O-O O-O 11. Bxf6 Bxf6 12. Nd5 Rc8 13. c3 b5 14. Kb1 Re8
15. Qe4 Na5 16. b3 Nc6 17. Kb2 Nb8 18. Bd3 Nd7 19. b4 Nb6 20. Nxb6 Qxb6 21. Be2
Rc6 22. Rc1 Rec8 23. Rc2 Qc7 24. Rhc1 Bg5 25. c4 Bxc1+ 26. Kxc1 bxc4 27. f6 d5
28. Qxd5 Rxf6 29. Rxc4 Qb8 30. Bf3 g6 31. Kb2 Rxc4 32. Qxc4 Qb6 33. Qc5 e4 34.
Bxe4 Rxf2+ 35. Kb3 Qe6+ 36. Bd5 Qe2 37. Qc8+ Kg7 38. Qc3+ Rf6 39. Ka3 h5 40.
Bf3 Qe7 41. Qc5 Qd8 42. Qe5 Kg8 43. Be4 Re6 44. Qd5 Qe8 45. Bc2 Re5 46. Qd6 a5
47. bxa5 Rxa5+ 48. Kb2 Rg5 49. g3 Qe5+ 50. Qxe5 Rxe5 51. a4 Kf8 52. Kc3 Ke7 53.
Kd2 Kd6 54. Bb3 Rf5 55. Ke3 Kc5 56. Bc2 Rf6 57. Bd3 Kb6 58. h4 Kc5 59. a5 Re6+
60. Kf3 Kd4 61. Be2 Re3+ 62. Kf2 Ra3 63. a6 f5 64. Bb5 Ke5 65. Be2 f4 66. gxf4+
Kxf4 67. Kg2 Ra2 68. Kf2 Ke4 69. Kf1 Ke3 70. Bc4 Ra4 71. Bb5 Ra5 72. Bc4 Kf3
73. Be2+ Kg3 74. Bd3 Kxh4 75. Bxg6 Rxa6 76. Bd3 Ra2 77. Bc4 Rb2 78. Bf7 Kg4 79.
Kg1 h4 80. Be6+ Kg3 81. Bf5 h3 82. Be4 Re2 0-1

[Event "Quebec op"]
[Site "Longueuil CAN"]
[Date "2019.07.25"]
[Round "7.4"]
[White "Tanaka, Tyler"]
[Black "Sambuev, Bator"]
[Result "0-1"]
[WhiteElo "2109"]
[BlackElo "2503"]
[PlyCount "82"]
[EventDate "2019.07.20"]
[EventType "swiss"]
[EventRounds "9"]
[EventCountry "CAN"]

1. e4 g6 2. d4 Bg7 3. Nf3 d6 4. c3 Nf6 5. Bd3 O-O 6. O-O Nc6 7. Re1 e5 8. Na3
Bg4 9. dxe5 Nxe5 10. Be2 Nc6 11. h3 Bd7 12. Bd3 Re8 13. Qc2 h6 14. Nc4 d5 15.
exd5 Rxe1+ 16. Nxe1 Nxd5 17. Be4 Nf6 18. Bd3 b5 19. Nd2 Ne5 20. Be2 Qe7 21. Nd3
Bf5 22. g4 Bxd3 23. Bxd3 Qd7 24. Be2 Re8 25. Nf1 h5 26. f3 Qc6 27. Nh2 hxg4 28.
hxg4 Nd5 29. Bg5 Bf6 30. Bc1 Nc4 31. Nf1 Qe6 32. Bd3 Be7 33. Kg2 Bc5 34. Be4
Nf6 35. Bd3 Nxg4 36. fxg4 Qxg4+ 37. Kh1 Qf3+ 38. Kh2 Ne5 39. Ng3 Ng4+ 40. Kh3
Nf2+ 41. Kh2 Bd6 0-1

[Event "Quebec op"]
[Site "Longueuil CAN"]
[Date "2019.07.25"]
[Round "7.5"]
[White "Saha, Ananda"]
[Black "Cummings, David"]
[Result "0-1"]
[WhiteElo "2059"]
[BlackElo "2340"]
[PlyCount "77"]
[EventDate "2019.07.20"]
[EventType "swiss"]
[EventRounds "9"]
[EventCountry "CAN"]

1. d4 Nf6 2. Nf3 d5 3. e3 e6 4. Bd3 c5 5. b3 Nc6 6. Bb2 Bd6 7. a3 b6 8. c4 cxd4
9. exd4 O-O 10. O-O Bb7 11. Nbd2 Rc8 12. Qe2 Bf4 13. Rad1 Re8 14. g3 Bxd2 15.
Nxd2 dxc4 16. Nxc4 Qd5 17. f3 Red8 18. Be4 Qh5 19. g4 Qh4 20. Qf2 Qh3 21. Ne3
Ba6 22. Rfe1 Ne7 23. d5 Nfxd5 24. Bxd5 exd5 25. Ng2 Ng6 26. Rd2 h5 27. Qd4 f6
28. Qa4 Bd3 29. gxh5 Qxh5 30. Rxd3 Rc2 31. Re8+ Rxe8 32. Qxe8+ Kh7 33. Qe3 Rxb2
34. f4 Rb1+ 35. Kf2 Qxh2 36. Qd2 Nh4 37. Rg3 Qg1+ 38. Ke2 Qf1+ 39. Ke3 0-1

[Event "Quebec op"]
[Site "Longueuil CAN"]
[Date "2019.07.25"]
[Round "7.6"]
[White "Martinez Mulet, Dario Leonel"]
[Black "Rodrigue-Lemieux, Shawn"]
[Result "0-1"]
[WhiteElo "2123"]
[BlackElo "2257"]
[PlyCount "70"]
[EventDate "2019.07.20"]
[EventType "swiss"]
[EventRounds "9"]
[EventCountry "CAN"]

1. d4 Nf6 2. c4 e6 3. Nf3 d5 4. Nc3 Bb4 5. Qa4+ Nc6 6. cxd5 exd5 7. Bg5 h6 8.
Bxf6 Qxf6 9. e3 O-O 10. Be2 Be6 11. O-O a6 12. Rfc1 Bd6 13. Qd1 Ne7 14. Na4 b6
15. b4 g5 16. a3 Qg7 17. Ra2 f5 18. Rac2 Ng6 19. Bd3 g4 20. Ne1 f4 21. exf4
Nxf4 22. Bf1 Rae8 23. Nd3 Bf5 24. Nxf4 Bxc2 25. Rxc2 Rxf4 26. Rd2 Rfe4 27. Nc3
Re1 28. Qb3 c6 29. g3 Qg5 30. Qc2 Kg7 31. Re2 Qg6 32. Qd2 R8xe2 33. Nxe2 Qb1
34. Kg2 Rxf1 35. Qc3 Re1 0-1

[Event "Quebec op"]
[Site "Longueuil CAN"]
[Date "2019.07.25"]
[Round "7.7"]
[White "Perez Rodriguez, Luis Manuel"]
[Black "Trahan, Daniel"]
[Result "1-0"]
[WhiteElo "2348"]
[BlackElo "1949"]
[PlyCount "86"]
[EventDate "2019.07.20"]
[EventType "swiss"]
[EventRounds "9"]
[EventCountry "CAN"]

1. e4 c5 2. c3 Nf6 3. e5 Nd5 4. d4 cxd4 5. Nf3 Nc6 6. Bc4 e6 7. cxd4 d6 8. O-O
Be7 9. Qe2 O-O 10. Nc3 Nxc3 11. bxc3 dxe5 12. dxe5 Qc7 13. Qe4 b6 14. Bd3 g6
15. Bh6 Rd8 16. Rad1 Bb7 17. Qf4 Bf8 18. Rfe1 Ne7 19. Bxf8 Rxf8 20. Ng5 h6 21.
Nh3 Kh7 22. Qh4 Kg7 23. Nf4 Nd5 24. Nxd5 Bxd5 25. c4 Bb7 26. Qf6+ Kg8 27. h4
Rae8 28. h5 Qe7 29. hxg6 fxg6 30. Qxg6+ Qg7 31. Re3 Re7 32. Rg3 Qxg6 33. Bxg6
Rg7 34. Rd6 Bc8 35. Rd4 Bd7 36. Rdg4 Kh8 37. Rh4 Rc8 38. Rxh6+ Kg8 39. Bh7+ Kf8
40. Rf6+ Rf7 41. Rg8+ Ke7 42. Rxf7+ Kxf7 43. Rxc8 Bxc8 1-0

[Event "Quebec op"]
[Site "Longueuil CAN"]
[Date "2019.07.25"]
[Round "7.8"]
[White "Fillion, Steve"]
[Black "Kaufman, Raymond"]
[Result "0-1"]
[WhiteElo "2091"]
[BlackElo "2301"]
[PlyCount "110"]
[EventDate "2019.07.20"]
[EventType "swiss"]
[EventRounds "9"]
[EventCountry "CAN"]

1. e4 e6 2. d4 d5 3. Nc3 Nf6 4. e5 Nfd7 5. Nf3 c5 6. Ne2 cxd4 7. Nexd4 Nc6 8.
Nxc6 bxc6 9. Bd3 Be7 10. O-O Nc5 11. Be2 O-O 12. c4 Rb8 13. Qc2 Qb6 14. Rb1 a5
15. Be3 Ba6 16. Rfc1 Rfc8 17. h4 h6 18. h5 Qd8 19. Nh2 Ne4 20. Ng4 Bg5 21. f4
Be7 22. Bf3 Ng3 23. b3 Nf5 24. Bf2 Qf8 25. c5 Rb4 26. g3 Nd4 27. Qd1 Bxc5 28.
Kg2 Rcb8 29. a3 Rxb3 30. Bxd4 Rxb1 31. Bxc5 R8b2+ 32. Nf2 Qb8 33. Rxb1 Rxb1 34.
Qa4 Qb5 35. Qxb5 cxb5 36. Be2 Bb7 37. Nd3 b4 38. axb4 a4 39. b5 Rxb5 40. Bd1
Ba6 41. Bd6 Rb1 42. Bc2 Bxd3 43. Bxb1 Bxb1 44. Bc5 Bc2 45. g4 Bd1 46. Kg3 Be2
47. Kh4 g6 48. hxg6 fxg6 49. f5 gxf5 50. gxf5 exf5 51. e6 f4 52. e7 Kf7 53. Kh3
f3 54. Kg3 h5 55. Kh4 a3 0-1

[Event "Quebec op"]
[Site "Longueuil CAN"]
[Date "2019.07.25"]
[Round "7.9"]
[White "Prahov, Valentin"]
[Black "Huang, Qiuyu"]
[Result "1-0"]
[WhiteElo "2055"]
[BlackElo "2181"]
[PlyCount "79"]
[EventDate "2019.07.20"]
[EventType "swiss"]
[EventRounds "9"]
[EventCountry "CAN"]

1. e4 c5 2. Nf3 Nc6 3. d4 cxd4 4. Nxd4 g6 5. c4 Bg7 6. Be3 Nf6 7. Nc3 d6 8. Be2
O-O 9. O-O Bd7 10. f4 Rc8 11. b3 Qa5 12. Rc1 Rfe8 13. Bf3 h5 14. h3 Rcd8 15.
Rf2 Nh7 16. Rfc2 Nf8 17. Nd5 e6 18. Nc3 Nxd4 19. Bxd4 Bc6 20. Bxg7 Kxg7 21. Rd2
Nh7 22. Kh1 e5 23. Rxd6 exf4 24. Qd4+ Kg8 25. c5 Rxd6 26. cxd6 Ng5 27. Rd1 Qd8
28. Qf2 f5 29. exf5 Nxf3 30. gxf3 Re3 31. Nd5 Re5 32. Nxf4 Rxf5 33. Qg3 g5 34.
Ne6 Qd7 35. Nxg5 Qg7 36. Rg1 Rf6 37. Ne4 Qxg3 38. Rxg3+ Kf7 39. Nxf6 Kxf6 40.
Kg2 1-0

[Event "Quebec op"]
[Site "Longueuil CAN"]
[Date "2019.07.25"]
[Round "7.10"]
[White "Botez, Alexandra"]
[Black "Feoktistov, Dmitri"]
[Result "1-0"]
[WhiteElo "2040"]
[BlackElo "2139"]
[PlyCount "74"]
[EventDate "2019.07.20"]
[EventType "swiss"]
[EventRounds "9"]
[EventCountry "CAN"]

1. d4 f5 2. g3 Nf6 3. Bg2 g6 4. Nf3 Bg7 5. O-O O-O 6. c4 d6 7. Nc3 c6 8. Re1
Ne4 9. Qb3 Kh8 10. d5 Nc5 11. Qc2 e5 12. dxe6 Bxe6 13. b3 Nbd7 14. Bb2 Ne5 15.
Rad1 Qe7 16. e3 a5 17. Rd2 a4 18. Nxe5 dxe5 19. b4 Na6 20. a3 Bxc4 21. Nxa4 Be6
22. Red1 Rfd8 23. Nb6 Rab8 24. Nc4 Rxd2 25. Rxd2 Bg8 26. Qd3 Qe6 27. Na5 c5 28.
Bxb7 Rxb7 29. Nxb7 cxb4 30. axb4 Nxb4 31. Qb5 Nd5 32. Nd8 Qd6 33. Qe8 Qe7 34.
Qxe7 Nxe7 35. Rd7 Nd5 36. Nc6 Nb6 37. Rd8 Bf6 1-0

[Event "Quebec op"]
[Site "Longueuil CAN"]
[Date "2019.07.25"]
[Round "7.14"]
[White "Robichaud, Louis"]
[Black "Richard, Leo"]
[Result "1-0"]
[WhiteElo "2026"]
[BlackElo "1813"]
[PlyCount "79"]
[EventDate "2019.07.20"]
[EventType "swiss"]
[EventRounds "9"]
[EventCountry "CAN"]

1. e4 e6 2. d3 d5 3. Nd2 c5 4. Ngf3 Nc6 5. g3 Bd6 6. Bg2 Nge7 7. O-O O-O 8. Re1
b6 9. b3 Bb7 10. Bb2 Bc7 11. Qe2 d4 12. a3 e5 13. Nh4 g6 14. Ndf3 a5 15. Bc1 f6
16. a4 Qd7 17. h3 g5 18. Nxg5 fxg5 19. Bxg5 Ng6 20. Nf5 Rxf5 21. exf5 Qxf5 22.
h4 Nd8 23. f4 Bxg2 24. Qxg2 Rc8 25. h5 Nf8 26. g4 Qe6 27. f5 Qc6 28. Re4 Nf7
29. Bd2 h6 30. g5 hxg5 31. Bxg5 Kh8 32. Rg4 Qxg2+ 33. Kxg2 Bd8 34. Bxd8 Rxd8
35. Kf3 Nh6 36. Rg5 Nf7 37. Rg6 Nxg6 38. hxg6 Nd6 39. f6 Kg8 40. Kg4 1-0

[Event "Quebec op"]
[Site "Longueuil CAN"]
[Date "2019.07.25"]
[Round "7.15"]
[White "Nunez, Omar"]
[Black "Manley, Jason"]
[Result "0-1"]
[WhiteElo "1963"]
[BlackElo "2025"]
[PlyCount "54"]
[EventDate "2019.07.20"]
[EventType "swiss"]
[EventRounds "9"]
[EventCountry "CAN"]

1. e4 e6 2. d3 c5 3. Nf3 Nc6 4. g3 d5 5. Nbd2 Nf6 6. Bg2 b5 7. a3 Bb7 8. Qe2
Be7 9. O-O O-O 10. e5 Nd7 11. Re1 Qc7 12. h4 Rfc8 13. c3 a5 14. Nf1 b4 15. Bf4
Ba6 16. Ne3 Qd8 17. h5 bxc3 18. bxc3 Rab8 19. Nxd5 exd5 20. e6 fxe6 21. Qxe6+
Kh8 22. Bxb8 Ndxb8 23. Bh3 Qf8 24. Kg2 Rd8 25. Ne5 Nxe5 26. Rxe5 Bf6 27. Rf5
Bc8 0-1

[Event "Quebec op"]
[Site "Longueuil CAN"]
[Date "2019.07.25"]
[Round "7.16"]
[White "Abdelaal, Ibrahim"]
[Black "Luksza, Arkadiusz"]
[Result "1-0"]
[WhiteElo "1903"]
[BlackElo "2098"]
[PlyCount "69"]
[EventDate "2019.07.20"]
[EventType "swiss"]
[EventRounds "9"]
[EventCountry "CAN"]

1. e4 g6 2. d4 Bg7 3. Be3 d6 4. Nc3 a6 5. Qd2 Nd7 6. Nf3 b5 7. a4 b4 8. Ne2 a5
9. Ng3 Bb7 10. Bc4 e6 11. h4 h6 12. h5 g5 13. O-O-O Nb6 14. Bb3 Qd7 15. d5 Nxa4
16. Nd4 Nc5 17. dxe6 fxe6 18. Ba2 Ne7 19. Kb1 Rf8 20. Rhe1 Be5 21. Nf3 Bf4 22.
Qe2 Ba6 23. Bc4 Bxe3 24. fxe3 Qc6 25. Nd4 Qb7 26. Rf1 Bxc4 27. Rxf8+ Kxf8 28.
Qxc4 Qc8 29. Rf1+ Kg7 30. Rf3 Nc6 31. Nxc6 b3 32. cxb3 a4 33. Qc3+ e5 34. Nxe5
axb3 35. Nd7+ 1-0

[Event "Quebec op"]
[Site "Longueuil CAN"]
[Date "2019.07.25"]
[Round "7.17"]
[White "Zhong, Kevin"]
[Black "Mercure, Gilbert"]
[Result "1-0"]
[WhiteElo "2039"]
[BlackElo "1795"]
[PlyCount "63"]
[EventDate "2019.07.20"]
[EventType "swiss"]
[EventRounds "9"]
[EventCountry "CAN"]

1. e4 d5 2. exd5 Nf6 3. c4 e6 4. dxe6 Bxe6 5. Nf3 c5 6. Be2 Nc6 7. d3 Be7 8.
O-O Qd7 9. Nc3 Rd8 10. a3 Bf5 11. Qa4 h6 12. Be3 Bg4 13. Rad1 Bxf3 14. Bxf3 Ne5
15. Bxb7 Qxa4 16. Nxa4 Rb8 17. Bf4 Nfd7 18. Bd5 Rb3 19. d4 cxd4 20. c5 Rb5 21.
Bxe5 Nxe5 22. f4 Nd7 23. Bc6 Rxc5 24. Nxc5 Bxc5 25. b4 Bb6 26. a4 a6 27. a5 Ba7
28. Rc1 Kd8 29. Bb7 Ke7 30. Rfe1+ Kd6 31. Rc6+ Kd5 32. Rc8+ 1-0

[Event "Quebec op"]
[Site "Longueuil CAN"]
[Date "2019.07.25"]
[Round "7.18"]
[White "Poulin, Maurice"]
[Black "Craciun, David"]
[Result "1-0"]
[WhiteElo "1944"]
[BlackElo "1720"]
[PlyCount "79"]
[EventDate "2019.07.20"]
[EventType "swiss"]
[EventRounds "9"]
[EventCountry "CAN"]

1. e4 e5 2. Nf3 Nc6 3. c3 d5 4. Qa4 f6 5. Bb5 Nge7 6. exd5 Qxd5 7. d4 Qe4+ 8.
Be3 Qg6 9. Nbd2 Bd7 10. dxe5 fxe5 11. Nh4 Qh5 12. Be2 Qf7 13. Qc2 O-O-O 14. Ne4
Nd5 15. Bg5 Be7 16. Bxe7 Qxe7 17. g3 g5 18. Nf3 Bf5 19. Nd6+ Rxd6 20. Qxf5+ Kb8
21. Qxg5 Rf6 22. Nd2 h6 23. Qh5 Qh7 24. Bf3 Nce7 25. Be4 Qf7 26. Qxf7 Rxf7 27.
Bxd5 Nxd5 28. Ne4 Rhf8 29. Rd1 c6 30. O-O Kc7 31. Rfe1 b6 32. Rd2 Rf3 33. Kg2
b5 34. Red1 Kb6 35. Rd3 R3f7 36. R1d2 a5 37. Re2 Re7 38. Rf3 Rg8 39. Kf1 c5 40.
Nf6 1-0

[Event "Quebec op"]
[Site "Longueuil CAN"]
[Date "2019.07.25"]
[Round "7.19"]
[White "Nunez-Painchaud, Raphael"]
[Black "Landry, Sylvain"]
[Result "1-0"]
[WhiteElo "1962"]
[BlackElo "2046"]
[PlyCount "79"]
[EventDate "2019.07.20"]
[EventType "swiss"]
[EventRounds "9"]
[EventCountry "CAN"]

1. c4 e5 2. g3 Nc6 3. Bg2 g6 4. Nc3 Bg7 5. e4 d6 6. Nge2 Nge7 7. d3 O-O 8. O-O
f5 9. Be3 Be6 10. Rb1 Qd7 11. Qd2 Rae8 12. b4 Kh8 13. b5 Nd8 14. f3 Nf7 15. Nd5
Ng8 16. Qa5 b6 17. Qd2 Nfh6 18. Nec3 f4 19. gxf4 Bh3 20. fxe5 Bxg2 21. Kxg2
dxe5 22. Rf2 Nf7 23. Rbf1 g5 24. Kh1 h6 25. Rg2 Nf6 26. Nxf6 Bxf6 27. Nd5 Bg7
28. Qf2 Re6 29. Qg3 Rg6 30. Qg4 Qd6 31. Rfg1 Kh7 32. Qh5 Bf6 33. f4 Rfg8 34.
fxg5 Bxg5 35. Bxg5 Nxg5 36. Rf1 R8g7 37. h4 Nh3 38. Qf5 Qe6 39. Rxg6 Rxg6 40.
Nf6+ 1-0

[Event "Quebec op"]
[Site "Longueuil CAN"]
[Date "2019.07.25"]
[Round "7.20"]
[White "Jacquet, Stephane"]
[Black "Yan, Alex Jikai"]
[Result "1-0"]
[WhiteElo "1915"]
[BlackElo "1417"]
[PlyCount "69"]
[EventDate "2019.07.20"]
[EventType "swiss"]
[EventRounds "9"]
[EventCountry "CAN"]

1. d4 d5 2. c4 e6 3. Nc3 Nf6 4. cxd5 exd5 5. Bg5 Be7 6. Qc2 Nc6 7. e3 Be6 8.
Nf3 h6 9. Bh4 O-O 10. a3 Qd7 11. Bb5 Bf5 12. Bxc6 bxc6 13. Qa4 Qe6 14. b4 a5
15. bxa5 c5 16. O-O c4 17. Ne5 Rfc8 18. Nc6 g5 19. Bg3 Bd6 20. a6 Ne4 21. Nxe4
Bxe4 22. a7 Qd7 23. Qb5 Bd3 24. Rfc1 Bxg3 25. hxg3 Re8 26. a4 Re6 27. Ne5 Qxb5
28. axb5 Bf5 29. g4 Bg6 30. Nc6 f6 31. Ra5 Be8 32. Nb4 Rd6 33. e4 dxe4 34. Rxc4
Rb6 35. Rxc7 1-0

[Event "Quebec op"]
[Site "Longueuil CAN"]
[Date "2019.07.25"]
[Round "7.21"]
[White "Guipi Bopala, Prince Eric jr"]
[Black "Trottier, Alain"]
[Result "0-1"]
[WhiteElo "1619"]
[BlackElo "1829"]
[PlyCount "84"]
[EventDate "2019.07.20"]
[EventType "swiss"]
[EventRounds "9"]
[EventCountry "CAN"]

1. d4 Nf6 2. Bf4 c5 3. d5 b5 4. f3 d6 5. e4 Qa5+ 6. Nd2 g6 7. c3 Bg7 8. a4 bxa4
9. Nc4 Qc7 10. Qxa4+ Nfd7 11. Bd3 O-O 12. Ne2 Nb6 13. Qd1 Nxc4 14. Bxc4 Nd7 15.
Qd2 Ne5 16. Bb3 Qb6 17. Nc1 Ba6 18. Be3 Rfb8 19. f4 Ng4 20. Bg1 Nf6 21. Qc2 Bb5
22. c4 Bd7 23. Rb1 Qb4+ 24. Kf1 a5 25. Ba2 Ba4 26. b3 Bd7 27. Be3 Rb7 28. h3
Rab8 29. Ke2 Qa3 30. Rd1 a4 31. Kf3 Qb4 32. bxa4 Qxa4 33. Qxa4 Bxa4 34. Nb3
Bxb3 35. Bxb3 Rxb3 36. Rxb3 Rxb3 37. Ra1 Rxe3+ 38. Kxe3 Nxd5+ 39. cxd5 Bxa1 40.
Kd3 Bd4 41. g4 f6 42. Kc4 Kf7 0-1

[Event "Quebec op"]
[Site "Longueuil CAN"]
[Date "2019.07.25"]
[Round "7.22"]
[White "Vignalou, Joseph"]
[Black "Boucher, Antoni"]
[Result "0-1"]
[WhiteElo "1732"]
[BlackElo "1932"]
[PlyCount "64"]
[EventDate "2019.07.20"]
[EventType "swiss"]
[EventRounds "9"]
[EventCountry "CAN"]

1. e4 c6 2. d4 d5 3. Nc3 dxe4 4. Nxe4 Nd7 5. Bc4 Ngf6 6. Ng5 e6 7. Qe2 Nb6 8.
Bb3 c5 9. N1f3 h6 10. dxc5 Bxc5 11. Ne4 Be7 12. O-O O-O 13. Bf4 Nbd5 14. Bg3
Bd7 15. c4 Nb6 16. Rfd1 Qc8 17. Nd6 Bxd6 18. Bxd6 Re8 19. Ne5 Ba4 20. Bxa4 Nxa4
21. c5 b6 22. c6 a6 23. Rac1 b5 24. Nd7 Nxd7 25. cxd7 Qxd7 26. Rc7 Qd8 27. Be5
Qg5 28. h4 Qg6 29. h5 Qg5 30. Rdd7 Rf8 31. f4 Qh4 32. Qe4 Rab8 {...} 0-1